Countries by Population Pyramid - Statistics

General Stats
  • This quiz has been taken 34 times
  • The average score is 4 of 12
Answer Stats
Picture Answer % Correct
China
73%
United States
73%
Nigeria
65%
Italy
46%
Russia
38%
Brazil
35%
Greece
23%
Singapore
19%
Angola
15%
Burkina Faso
15%
Iceland
12%
Belize
8%
No matching quizzes found
Score Distribution
Percent of People with Each Score
Percentile by Number Answered
Your Score History
You have not taken this quiz